| 000 | 00475nam a2200193Ia 4500 | ||
|---|---|---|---|
| 999 |
_c25991 _d25991 |
||
| 003 | 0100 | ||
| 005 | 20190718103546.0 | ||
| 008 | 130303s9999 xx 000 0 und d | ||
| 020 | _a0807015075 | ||
| 040 | _cARRUPELIB | ||
| 050 | _aHM24.H3213 | ||
| 100 |
_aHabermas, Jurgen _947251 |
||
| 245 | 4 | _aThe theory of communicative action | |
| 245 | _breason and the rationalization of society | ||
| 260 |
_aBoston _bBeacon Press _c1983 |
||
| 300 | _axlii | ||
| 300 | _b 465p. 23cm. | ||
| 650 |
_aSociology _xPhilosophy _xCollected works _947252 |
||
| 650 |
_aRationalism _xCollected works _947253 |
||
| 650 |
_aSocial action _xCollected works _947254 |
||
| 650 |
_aCommunication _xPhilosophy _xCollected works _947255 |
||
| 650 |
_2Fuctionalism _xCollected works _947256 |
||
| 942 |
_2lcc _cMONOGRAPH |
||